Propuesta de mejoras al proceso de registro de matrículas de estudiantes enfocado en el recurso humano, tecnológico y organizacional en el departamento de estadísticas de la sede central del Ministerio de Educación ubicado en la ciudad de Managua
Presenta una propuesta de mejoras de proceso al proceso de registro de matrícula de estudiantes en el departamento de estadísticas de la sede central del ministerio de educación ubicado en la ciudad de Managua. Contiene un diagnóstico de la situación actual del departamento de estadísticas del...
| Main Author: | |
|---|---|
| Other Authors: | |
| Format: | Tesis Section = Libro |
| Language: | Undetermined Spanish |
| Published: |
Managua
UNI
2010
|
| Subjects: |
| LEADER | 01573nam a2200241Ia 4500 | ||
|---|---|---|---|
| 008 | 240830s9999 xx 000 0 und d | ||
| 040 | |a BIBLIOTECA-RUPAP T.Mon 003 F634 | ||
| 041 | |a spa | ||
| 082 | |a T.Mon 003 F634 | ||
| 100 | 1 | |a Flores Avilés, Jaslin Fernando | |
| 245 | 1 | 0 | |a Propuesta de mejoras al proceso de registro de matrículas de estudiantes enfocado en el recurso humano, tecnológico y organizacional en el departamento de estadísticas de la sede central del Ministerio de Educación ubicado en la ciudad de Managua |
| 260 | |a Managua |b UNI |c 2010 | ||
| 300 | |a 114 p. :il. | ||
| 500 | |a Contiene: anexos e Incluye: CD. | ||
| 502 | |a Tesis (Ingeniero de Sistemas)- UNI, 2010. | ||
| 520 | 3 | |a Presenta una propuesta de mejoras de proceso al proceso de registro de matrícula de estudiantes en el departamento de estadísticas de la sede central del ministerio de educación ubicado en la ciudad de Managua. Contiene un diagnóstico de la situación actual del departamento de estadísticas del Ministerio de Educación además se determinan las técnicas que permitirán el mejoramiento del proceso de registro de matrículas a estudiantes y se determina el costo de la inversión de la propuesta de mejoras del proceso de registro de matrículas de estudiantes. | |
| 650 | 7 | |a SISTEMA - MATRICULA ESCOLAR - MINED | |
| 650 | 7 | |b AUTOMATIZACION DE MATRICULAS - ESTADISTICAS | |
| 650 | 7 | |c AUTOMATIZACION DEL PROCESO DE REGISTROS DE MATRICULAS | |
| 700 | 1 | |a Tutor: |b López Aguilera, Roberto José | |
| 942 | |c BK |2 ddc | ||
| 991 | |a TESIS | ||
| 999 | |c 17986 | ||